000 00295nam a22001337a 4500
008 190223b xxu||||| |||| 00| 0 eng d
020 _a061883303
041 _aeng
080 _a510
100 _a36
101 _aMAT
245 _aTopics in Contemporary Mathematics
_cBello
942 _2udc
_cBK
999 _c54140
_d54140